Vedecko-technologické parky na Slovensku diplomová práca

Salvato in:
Dettagli Bibliografici
Autore principale: Riznárová, Mária
Ente Autore: Podnikovohospodárska fakulta EU so sídlom v Košiciach. Katedra účtovníctva a financií
Altri autori: Freňáková, Magdaléna, 1981-
Natura: Libro
Lingua:slovacco
Pubblicazione: Košice 2011
Tags: Aggiungi Tag
Nessun Tag, puoi essere il primo ad aggiungerne!!

MARC

LEADER 00000nbm a2200000 4500
001 0139040
005 20161109101901.8
041 0 |a slo 
044 |a SK 
245 1 0 |a Vedecko-technologické parky na Slovensku  |b diplomová práca  |c Mária Riznárová ; školiteľ: Magdaléna Freňáková 
264 1 |a Košice  |c 2011 
300 |a 105 s. 
100 1 |a Riznárová, Mária 
700 1 |a Freňáková, Magdaléna, 1981- 
710 2 |a Podnikovohospodárska fakulta EU so sídlom v Košiciach. Katedra účtovníctva a financií